000 01206cam a2200337 i 4500
001 60366
003 Mx-PuUPA
005 20251107085114.0
008 140415s2009 mx gr 000 0 spa d
020 _a9786070701344
040 _aMx-PuUPA
_cMx-PuUPA
_bspa
_dMx-PuUPA
_erda
041 0 _aspa
043 _an-mx---
100 1 _aMadrazo Pintado, Roberto,
_d1952-
_917629
_eautor
245 1 0 _aEl despojo /
_cRoberto Madrazo
250 _aPrimera edición /
_babril
264 1 _aMéxico, D. F. :
_bEditorial Planeta Mexicana,
_c©2009
300 _a300 páginas ;
_c23 cm
336 _2rdacontent
_atexto
_btxt
337 _2rdamedia
_asin medio
_bn
338 _2rdacarrier
_avolumen
_bnc
500 _a"Ni el PRI ganó, ni el PAN encarnó el nuevo régimen. Perdió el Estado". -- Cubierta.
650 7 _2armarc
_aCorrupción política
_zMéxico
_xHistoria
_ySiglo XX
650 7 _2armarc
_aDemocracia
_zMéxico
_xHistoria
_ySiglo XX
651 4 _aMéxico
_xPolítica y gobierno
_ySiglo XX
942 _2ddc
_cLI
_h972.082
_iM78
999 _c60366
_d60366